Computer assisted language learning / (Record no. 88333)

MARC details
000 -LEADER
fixed length control field 00610nam a22001937a 4500
005 - DATE AND TIME OF LATEST TRANSACTION
control field 20140909113408.0
010 ## - LCCN (DPL NO)
LC control number ENG-110778
020 ## - INTERNATIONAL STANDARD BOOK NUMBER
International Standard Book Number 9788175416857
Terms of availability 140.00
035 ## - SYSTEM CONTROL NUMBER
System control number EN-94310
037 ## - SOURCE OF ACQUISITION
Source of stock number/acquisition DBAD/PUB
082 ## - DEWEY DECIMAL CLASSIFICATION NUMBER
Classification number 418.00285
100 ## - MAIN ENTRY--PERSONAL NAME
Personal name Pranita Gopal
245 ## - TITLE STATEMENT
Title Computer assisted language learning /
Statement of responsibility, etc by Pranita Gopal
260 ## - PUBLICATION, DISTRIBUTION, ETC. (IMPRINT)
Place of publication, distribution, etc Delhi
Name of publisher, distributor, etc Shipra Publications
Date of publication, distribution, etc 2013
270 ## - ADDRESS
Address LG 18-19, Pankaj Central Market, I.P. Ext., Patparganj
City Delhi
Postal code 110092
300 ## - PHYSICAL DESCRIPTION
Extent 172p.
Dimensions 22cm(pbk)
500 ## - GENERAL NOTE
General note Includes bibliographical references
942 ## - ADDED ENTRY ELEMENTS (KOHA)
Source of classification or shelving scheme Dewey Decimal Classification
Item type English Books
Classification part 418.00285
Call number suffix PRA
Holdings
Withdrawn status Lost status Not for loan Collection code Home library Current library Date acquired Source of acquisition Cost, normal purchase price Full call number Barcode Copy number Cost, replacement price Koha item type
    Not For Loan Non-fiction D.B.Act.Division D.B.Act.Division 05/09/2014 DBAD/PUB 140.00 418.00285 PRA EN-94310 1 140.00 English Books

© Delhi Public Library
Hit Counter
free hit counter